ফুলমণি ও করুণার বিবরন / (Record no. 65377)
[ view plain ]
| 000 -LEADER | |
|---|---|
| fixed length control field | 01373nam a2200265 a 4500 |
| 001 - CONTROL NUMBER | |
| control field | 65377 |
| 003 - CONTROL NUMBER IDENTIFIER | |
| rucl marc code | BD-RjUL |
| 005 - DATE AND TIME OF LATEST TRANSACTION | |
| control field | 20211209081422.0 |
| 008 - FIXED-LENGTH DATA ELEMENTS--GENERAL INFORMATION | |
| fixed length control field | 170305s1980 ii ||||| |||| 00| 0 eng d |
| 020 ## - INTERNATIONAL STANDARD BOOK NUMBER | |
| Terms of availability | Tk. 10.00 |
| 035 ## - SYSTEM CONTROL NUMBER | |
| System control number | (BD-RjUL)65507 |
| 040 ## - CATALOGING SOURCE | |
| Original cataloging agency | BD-RjUL |
| Language of cataloging | ben |
| Transcribing agency | BD-RjUL |
| 041 ## - LANGUAGE CODE | |
| Language code of text/sound track or separate title | ben |
| 082 ## - DEWEY DECIMAL CLASSIFICATION NUMBER | |
| Edition number | 23 |
| Classification number | 891.443 |
| Author mark and year | MAF 1980 |
| 100 1# - MAIN ENTRY--PERSONAL NAME | |
| Personal name | ম্যলেন্স, হানা ক্যাথেরীন |
| 9 (RLIN) | 193481 |
| 245 ## - TITLE STATEMENT | |
| Title | ফুলমণি ও করুণার বিবরন / |
| Statement of responsibility, etc. | হানা ক্যাথেরীন ম্যলেন্স ;আচার্য সুনীতিকুমার চট্টোপাধ্যায় ;চিত্তরঞ্জন বন্দোপাধ্যায় |
| 250 ## - EDITION STATEMENT | |
| Edition statement | নতুন সং |
| 260 ## - PUBLICATION, DISTRIBUTION, ETC. (IMPRINT) | |
| Place of publication, distribution, etc. | কলিকাতা : |
| Name of publisher, distributor, etc. | জেনারেল প্রিন্টার্স, |
| Date of publication, distribution, etc. | ১৯৮০. |
| 300 ## - PHYSICAL DESCRIPTION | |
| Pagination | ১৪৮ পৃ. ; |
| Size | ১৮ সেমি. |
| 650 ## - SUBJECT ADDED ENTRY--TOPICAL TERM | |
| Topical term or geographic name as entry element | বাংলা উপন্যাস |
| 9 (RLIN) | 170454 |
| Topical term or geographic name as entry element | Bengali Fiction |
| 9 (RLIN) | 170455 |
| 700 ## - ADDED ENTRY--PERSONAL NAME | |
| Personal name | চট্টোপাধ্যায়, আচার্য সুনীতিকুমার |
| Fuller form of name | আচার্য সুনীতিকুমার চট্টোপাধ্যায় |
| Personal name | বন্দোপাধ্যায়, চিত্তরঞ্জন |
| 942 ## - ADDED ENTRY ELEMENTS (KOHA) | |
| Source of classification or shelving scheme | Dewey Decimal Classification |
| Koha item type | Books |
| Lost status | Source of classification or shelving scheme | Damaged status | Not for loan | Collection code | Permanent Location | Current Location | Shelving location | Date acquired | Source of acquisition | Cost, normal purchase price | Total Checkouts | Full call number | Date last seen | Copy number | Koha item type |
|---|---|---|---|---|---|---|---|---|---|---|---|---|---|---|---|
| Dewey Decimal Classification | Not For Loan | Fiction | Central Library, University of Rajshahi | Central Library, University of Rajshahi | Reading Room | 08/03/1984 | Tulip Enterprise, Dhaka | 10.00 | B 891.443 MAF 1980 | 05/03/2017 | C-1 | Books |